000
00284nam a2200133Ia 4500
100
_a
Ullman/J.D
942
_c
BK
654
_a
Principles
245
_a
Principles Of Data Base Systems
260
_b
Galgotia Pub.
_a
Delhi
_c
1986
082
_a
1.6
300
_a
484
546
_a
ENGLISH
999
_c
19629
_d
19629